|
|
|
|
| LEADER |
00000nab a2200000 ar4500 |
| 001 |
vtls009008282 |
| 003 |
SK-MaSNL |
| 005 |
20260303065513.0 |
| 008 |
070719c2007 xo |||||||||||000 b|slo |
| 015 |
|
|
|a SNBRB2007/07
|2 snkbucl
|
| 038 |
|
|
|a SNKBUCL
|
| 040 |
|
|
|a SNKBUCL
|b slo
|c SNKBUCL
|e AACR2
|
| 041 |
0 |
|
|a slo
|
| 044 |
|
|
|a xo
|c SK
|
| 080 |
|
|
|a 635.926
|2 1997
|
| 100 |
1 |
|
|a Gregorek, Robert
|4 aut
|9 1039020
|
| 245 |
1 |
0 |
|a Čo teraz s leknami?
|c Robert Gregorek
|
| 300 |
|
|
|b Fotogr., obr.
|
| 650 |
0 |
7 |
|a záhradné jazierka
|2 snkbucl
|9 67820
|
| 650 |
0 |
7 |
|a lekná
|2 snkbucl
|9 14518
|
| 650 |
0 |
7 |
|a pestovanie okrasných rastlín
|2 snkbucl
|9 3953
|
| 773 |
0 |
|
|t Záhradkár
|g Roč. XLIII, č. 7 (2007), s. 32-33
|x 0862-5565
|
| 852 |
|
|
|a SNK
|b KIS3GCP
|
| 999 |
|
|
|c 1751459
|d 1753389
|